Language Quiz

Random Language or German Quiz

Find the Countries of Europe in German Quiz Stats

 Plays Quiz Updated Jun 15, 2019

Score 0/47 Timer 06:00
8 Plays Today
% Correct
Russland
92.3%
Italien
91.6%
Irland
91.4%
Spanien
91.4%
Portugal
91.1%
Deutschland
90.5%
Schweden
89.4%
Norwegen
89.4%
Türkei
89.3%
Polen
89%
Dänemark
88.6%
Finnland
88.2%
Ukraine
87.7%
Belgien
87.6%
Frankreich
87.3%
Niederlande
87.2%
Island
86.1%
Luxemburg
84%
Schweiz
83.9%
Rumänien
82.1%
Andorra
81.9%
Griechenland
79.7%
Österreich
79.4%
Kroatien
79.2%
% Correct
Malta
78.9%
Vatikanstadt
78.3%
Vereinigtes Königreich
77.8%
Liechtenstein
77.8%
Slowakei
77%
Albanien
76.7%
San Marino
76.3%
Bosnien und Herzegowina
76%
Bulgarien
75.7%
Litauen
75.5%
Tschechien
75.4%
Kosovo
75.4%
Weißrussland
75.3%
Estland
74.8%
Moldawien
74.3%
Monaco
74.3%
Zypern
74%
Slowenien
73.7%
Serbien
73.2%
Montenegro
73%
Ungarn
71.6%
Lettland
70.8%
Nordmazedonien
70.1%

You're not logged in!

Compare scores with friends on all Sporcle quizzes.
OR
Log In

Show Comments

Extras

Top Quizzes Today


Score Distribution

Your Account Isn't Verified!

In order to create a playlist on Sporcle, you need to verify the email address you used during registration. Go to your Sporcle Settings to finish the process.

Report this User

Report this user for behavior that violates our Community Guidelines.

Details: